Epistemología evolutiva y psicología: implicaciones para la psicoterapia
Saved in:
| Hovedforfatter: | |
|---|---|
| Format: | Bog |
| Sprog: | spansk |
| Udgivet: |
Valencia
Promolibro
1994
|
| Serier: | Colección Universitaria
|
| Fag: | |
| Tags: |
Tilføj Tag
Ingen Tags, Vær først til at tagge denne postø!
|
MARC
| LEADER | 00000nam a2200000 a 4500 | ||
|---|---|---|---|
| 001 | UCN0819 | ||
| 003 | CL-VaPUC | ||
| 008 | 010330e19940000SP |||||||||||||||||spa|d | ||
| 082 | 0 | 4 | |a 121 |b MIR |2 21 |
| 100 | |a Miró, María Teresa |e autora |9 456061 | ||
| 245 | 1 | 0 | |a Epistemología evolutiva y psicología: implicaciones para la psicoterapia |
| 300 | |a 200 p | ||
| 942 | |c BK | ||
| 945 | |d 20010330 00:00:00 |a vberengu | ||
| 260 | |a Valencia |b Promolibro |c 1994 | ||
| 650 | 0 | |a Epistemología |9 264994 | |
| 650 | 7 | |a CONOCIMIENTO |2 CL-VaPUC |9 308991 | |
| 650 | 0 | |a Constructivismo |9 268156 | |
| 583 | |a last modification |c 20010330 00:00:00 |k Rodrigo Vera | ||
| 490 | 0 | |a Colección Universitaria | |
| 999 | |c 294443 |d 294441 | ||
| 952 | |0 0 |1 0 |4 0 |6 121_000000000000000_MIR_1994 |7 0 |8 A |9 346870 |a FDOPOS |b FDOPOS |d 2019-11-20 |i 3700976 |o 121 MIR 1994 |p 3700976 |r 2025-01-22 |w 2019-11-20 |y BK |k MLA | ||